| 000 | 00416nam a22001337a 4500 | ||
|---|---|---|---|
| 040 | _cNUST | ||
| 082 | _a220 PRO | ||
| 100 |
_aHashim Omer Syed Abdullah Hassan Ali Maimoon Zafar _986243 |
||
| 110 |
_a Project Supervisor Assist. Prof. Sobia Hayee _986244 |
||
| 245 | _aPR-SOF-2080-Seizure Detection Using EEG | ||
| 260 |
_aISLAMABAD: _bNUST COLLEGE OF EME, _c2021. |
||
| 650 |
_aDE-ELECT-39 _986245 |
||
| 942 |
_2ddc _cPR |
||
| 999 |
_c587263 _d587263 |
||